MARC

LEADER 00000nam0a2200000 4500
001 149599
005 20231101221432.0
010 |a 508000648X 
020 |a RU  |b 90-29964 
035 |a (RuTPU)RU\TPU\book\162189 
090 |a 149599 
100 |a 20081218d1990 d y0rusy5003 ca 
101 0 |a rus 
102 |a RU 
105 |a a z 000ay 
200 1 |a Города и годы  |e роман  |f К. А. Федин  |g авт. послесл. А. Н. Старкова ; худож. Г. Филипповский 
210 |a Москва  |c Детская литература  |d 1990 
215 |a 333,[2] с.  |c ил.  |d 22 см 
225 1 |a Школьная библиотека  |a Для средней школы 
610 1 |a Германия 
610 1 |a Первая мировая война 1914-1918 гг. 
610 1 |a детская литература 
610 1 |a романы 
675 |a Р2  |z rus 
700 1 |a Федин  |b К. А.  |c русский писатель  |c академик АН СССР  |f 1892-1977  |g Константин Александрович  |2 stltpush  |3 (RuTPU)RU\TPU\pers\3664  |9 803 
702 1 |a Старкова  |b А. Н.  |4 075 
702 1 |a Филипповский  |b Г.  |4 440 
801 0 |a RU  |b RuMRKP  |c 19950417  |g psbo 
801 1 |a RU  |b 63413507  |c 20081218  |g PSBO 
801 2 |a RU  |b 63413507  |c 20140208  |g PSBO 
942 |c BK